000
00338nam a2200133Ia 4500
008
240624s9999 xx 000 0 und d
041
_a
eng
082
_a
823 GUP
100
_a
GUPTA SUBHADRA SEN
245
_a
SECRET DIARY OF THE WORLD S WORST COOK
260
_c
2011
_a
London
_b
Puffin Books
300
_a
163p. ; 20cm.
365
_c
RS
_b
25
999
_c
19993
_d
19993